Paesi più vicini a Saint Kitts e Nevis - Morte improvvisa - Statistics

Statistiche generali
  • Questo quiz è stato fatto 32 volte
  • Il punteggio medio è 7 su 15
Answers on the Grid
Answers color-coded by a green-red scale on the quiz's grid according to % correct below.
Antigua e Barbuda
Dominica
Saint Lucia
Saint Vincent e Grenadine
Grenada
Barbados
Repubblica Dominicana
Trinidad e Tobago
Venezuela
Haiti
Guyana
Colombia
Bahamas
Cuba
Brasile
Panama
Suriname
Costa Rica
Nicaragua
Honduras
El Salvador
Guatemala
Belize
Messico
Stati Uniti
Canada
Ecuador
Perù
Bolivia
Paraguay
 
Statistiche sulle risposte
Risposta % Corretto
Antigua e Barbuda
80%
Saint Lucia
80%
Repubblica Dominicana
73%
Saint Vincent e Grenadine
67%
Barbados
60%
Cuba
60%
Grenada
60%
Trinidad e Tobago
60%
Bahamas
53%
Dominica
53%
Haiti
53%
Guyana
13%
Venezuela
13%
Colombia
7%
Brasile
0%
Nessun quiz corrispondente trovato
Distribuzione punteggi
Percentuale di utenti per punteggio
Percentile per numero di risposta
I tuoi punteggi nel tempo
Non hai fatto questo quiz